Euthyphro, Apologia Socratis, Crito, Phaedo (Запис номер 343308)
[ съкратено ]
| 000 -Лидер | |
|---|---|
| Контролно поле с фиксирана дължина | 01022nam a2200313 c 4500 |
| 003 - Код на организацията, давaща контролен номер | |
| Контролно поле | BLK |
| 005 - Дата и час на последна редакция | |
| Контролно поле | 20210107040713.0 |
| 008 - Елементи от данни с фиксирана дължина | |
| fixed length control field | 180911b bul|||||r ||||||| ||bul|| |
| 010 ## - Наследен системен номер | |
| LC control number | 002969 |
| 040 ## - Източник на каталожния запис | |
| Идентификатор на билиотеката - собственик на записа | BLK |
| 041 ## - Код за език | |
| Код за езика на текст/звукозапис или на отделно заглавие | Гръцки |
| Код за езика КДБФ | Български |
| 080 ## - УДК | |
| УДК - код + определител | 101(091) |
| 100 1# - Редна дума - Автор | |
| Автор | PLATON |
| Авторска отговорност | първи автор |
| R(LIN) | 21365 |
| 245 00 - Сведения за заглавието | |
| Заглавие | Euthyphro, Apologia Socratis, Crito, Phaedo |
| 260 ## - Област на издателските данни | |
| Място на издаване, разпространение и проч. | Lipsiae |
| Име на издателя, разпространителя и проч. | B. G. Teubneri |
| Година на издаване | 1881 |
| 300 ## - Физическа характеристика | |
| Страници | 174 с |
| Размери/Мащаб | 18 см |
| 380 ## - Жанр | |
| Жанр | Философия |
| 490 ## - СЕРИИ (Колекции) | |
| Име на серия | Bibl. Scriptorum greacorum et romanorum Teubneriana |
| 490 ## - СЕРИИ (Колекции) | |
| Име на серия | Частна колекция - Академик Михаил Арнаудов |
| Бележки за серията | Дарение - Основен фонд |
| 501 ## - Забележка „подвързано към” | |
| Забележка: Подвързано към... | Подв. заедно с Platonis / Euthydemus, Protagoras. |
| 520 ## - Забележка за наличие на резюме, анотация и т.н | |
| Анотация, рецензия, сканиран текст | Михаил Арнаудов: подпис |
| 600 ## - Име на лице, използвано като предмет | |
| За него / За нея | Platonis opera |
| 9 (RLIN) | 397225 |
| 655 ## - Ключова дума – жанр/разновидност | |
| Данни за жанр/разновидност или ключова дума за фокус | философия |
| 700 1# - Други автори (авторска отговорност) | |
| Лично име | Platonis |
| 9 (RLIN) | 397226 |
| 700 1# - Други автори (авторска отговорност) | |
| Лично име | Recogn. Carol Frideric Hermann |
| 9 (RLIN) | 397227 |
| 700 1# - Други автори (авторска отговорност) | |
| Лично име | Martinus Wohlarab |
| 9 (RLIN) | 397228 |
| 852 ## - Местоположение | |
| Форматна сигнатура | МА 603 |
| Фондова буква | Фонд "Михаил Арнаудов" |
| 999 ## - СИСТЕМНИ КОНТРОЛНИ НОМЕРА | |
| Koha biblionumber | 343308 |
| Koha biblioitemnumber | 343308 |
| 942 ## - АРТИКУЛИ | |
| Вид на библиотечния материал | Книги |
| Скрит в OPAC | Не |
| Периодичен библиозапис | Да |
| 944 ## - СЪЗДАВАНЕ И РЕДАКЦИЯ на ЗАПИСА | |
| Създаване/Редакция | Създаване |
| Дата на регистрацията/редакция | 1995 |
| Служител, извършил регистрацията/редакцията | ValK |
| 999 ## - СИСТЕМНИ КОНТРОЛНИ НОМЕРА | |
| Koha biblioitemnumber | 343308 |
| 999 ## - СИСТЕМНИ КОНТРОЛНИ НОМЕРА | |
| Koha biblioitemnumber | 343308 |
| Код за отписване | Код за изгубен артикул | Източник на класификационната схема | Код за повреда | Коз за рестрикции | Код за отдаване | Артикулен № | Име на библиотеката - собственик | Име на библиотеката, в която се намира в момента | Статус (Текущо местоположение) | Местоположение - отдел | Цена в лева | Номерация (Хронология) | Инвентарен номер | Систематично азбучна сигнатура | Баркод | Номер на екземпляра | Цена в евро | Служебен тип на артикула | Бележка за публиката |
|---|---|---|---|---|---|---|---|---|---|---|---|---|---|---|---|---|---|---|---|
| Не е изгубен | Universal Decimal Classification | Не е повреден | без рестрикции | Специални фондове ( старопечатни, редки и ценни, фонд М. Арнаудов) | 743488 | Регионална библиотека "Любен Каравелов" Русе | Регионална библиотека "Любен Каравелов" Русе | Фонд "Михаил Арнаудов" | Фонд "Михаил Арнаудов" | 15.00 | 587547 | МА 603 | 120000587547 | 1 | 7.67 | Книги | ; подпис; |